000 00290nam a22001337a 4500
008 170601b xxu||||| |||| 00| 0 eng d
020 _a0231049218
041 _aeng
080 _a94
100 _a17
101 _aSHH
245 _aTHE AGE STRUCTURALISM
_cKURZWEIL.E
942 _2udc
_cBK
999 _c15386
_d15386